000 01035nam a2200229Ia 4500
003 Ost
005 20260507075400.0
008 260507s9999||||xx |||||||||||||| ||und||
040 _cfsecg
041 _aara
082 _a600
100 _aالعصيمي، عايد عبد الله
_eمؤلف
245 0 _aالمسؤولية الاجتماعية للشركات نحو التنمية المستدامة /
_c عايد عبد الله العصيمي
260 _aعمان:
_bاليازوري,
_c2015
300 _a132 صفحة؛
_bإيضاحات ؛
_c25 سم
520 _aيضم المسؤولية الاجتماعية للشركات ، التنمية المستدامة ، السياسات العامة للمسؤولية الاجتماعية للشركات ، الشراكة بين القطاعين العام والخاص
653 _aالتنمية المستدامة
653 _aالشركات
653 _aالشركات- إجتماعيات
653 _aالمسؤولية الإجتماعية
942 _cكتاب
999 _c44268
_d44268